00709 2200217 4500001002100000005001500021035002000036007000300056008004100059020001800100082001200118084001800130100001600148245003800164250001200202260002800214300002100242700001500263520019700278990001600475INLIS00000000000014820260526100415 a0010-0526000036ta260526 b 0 ind  a9786022429319 a297.648 a297.648 IWO a0 aIwok Abqary1 aAli Sang Pemberani /cIwok Abqary aCet. IX aBandung :bMizan,c2023 a20 hlm. :bIlus.0 aM. Isnaeni aBuku ini menceritakan tentang kisah Ali bin Abi Thalib. Ali adalah salah satu sepupu sekaligus sahabat Rasulullah SWT. buku ini mengajak anak-anak untuk bersikap berani dan gemar mencari ilmu. a00000000175